兵庫県の駅(1989年) - Statistics

General Stats
  • This quiz has been taken 11 times
  • The average score is 184 of 402
Answer Stats
路線 % Correct
JR西日本 東海道本線 | JR西日本山陽本線 神戸
89%
JR西日本 宮津線 | JR西日本 山陰本線 豊岡
89%
JR西日本 山陰本線 城崎
89%
JR西日本東海道本線 | JR西日本福知山線 | 阪神 本線 | 阪神西大阪線 尼崎
78%
JR西日本 東海道本線 甲子園口
78%
JR西日本 東海道本線 六甲道
78%
JR西日本 東海道本線 三ノ宮
78%
JR西日本 福知山線 | 阪急 宝塚本線 | 阪急今津線 宝塚
78%
JR西日本 山陽本線 須磨
78%
JR西日本 山陽本線 明石
78%
JR西日本 山陽新幹線 | JR西日本 山陽本線 西明石
78%
JR西日本 山陽本線 東加古川
78%
JR西日本 山陽本線 | JR西日本加古川線 加古川
78%
JR西日本 山陽本線 英賀保
78%
JR西日本 山陽本線 網干
78%
JR西日本 山陽新幹線 | JR西日本 山陽本線 | JR西日本赤穂線 相生
78%
JR西日本 山陽本線 上郡
78%
JR西日本 山陰本線 浜坂
78%
JR西日本山陽新幹線 | 神戸市営地下鉄 山手線 新神戸
78%
阪急 神戸本線 六甲
78%
阪神 本線 甲子園
78%
JR西日本 東海道本線 立花
67%
JR西日本 東海道本線 | 阪神 本線 芦屋
67%
JR西日本 東海道本線 | 阪神本線 | 阪神神戸高速線 元町
67%
JR西日本 福知山線 | 阪急 神戸本線 | 阪急伊丹線 塚口
67%
JR西日本 福知山線 猪名寺
67%
JR西日本 福知山線 | 阪急 伊丹線 伊丹
67%
JR西日本 福知山線 | 神戸電鉄 三田線 三田
67%
JR西日本 福知山線 新三田
67%
JR西日本 加古川線 | JR西日本 福知山線 谷川
67%
JR西日本 山陽本線 | JR西日本山陽本線(支線) 兵庫
67%
JR西日本 山陽本線 | 神戸市営地下鉄 西神線 | 神戸市営地下鉄山手線 新長田
67%
JR西日本 山陽本線 宝殿
67%
JR西日本 山陽新幹線 | JR西日本 山陽本線 | JR西日本 播但線 | JR西日本姫新線 姫路
67%
JR西日本 山陰本線 | JR西日本播但線 和田山
67%
JR西日本 姫新線 佐用
67%
JR西日本 赤穂線 播州赤穂
67%
阪急 神戸本線 | 阪神 本線 御影
67%
阪急 今津線 阪神国道
67%
阪急 今津線 | 阪神 本線 今津
67%
阪急 甲陽線 甲陽園
67%
阪急 宝塚本線 雲雀丘花屋敷
67%
阪神 本線 西宮
67%
阪神 本線 | 阪神武庫川線 武庫川
67%
阪神 本線 | 阪神 西大阪線 大物
67%
神戸電鉄 神戸高速線 | 神戸電鉄有馬線 湊川
67%
神戸電鉄 有馬線 有馬温泉
67%
北条鉄道 北条線
67%
JR西日本 東海道本線 西ノ宮
56%
JR西日本 東海道本線 摂津本山
56%
JR西日本 東海道本線 | 阪神 本線 住吉
56%
JR西日本 東海道本線
56%
JR西日本 福知山線 川西池田
56%
JR西日本 福知山線 西宮名塩
56%
JR西日本 福知山線 篠山口
56%
JR西日本 福知山線 丹波大山
56%
JR西日本 福知山線 丹波竹田
56%
JR西日本 山陽本線 垂水
56%
JR西日本 山陽本線 大久保
56%
JR西日本 山陽本線 竜野
56%
JR西日本 山陽本線 有年
56%
JR西日本 山陽本線(支線) 和田岬
56%
JR西日本 加古川線 | 北条鉄道北条線 | 神戸電鉄 粟生線 粟生
56%
JR西日本 加古川線 日本へそ公園
56%
JR西日本 播但線 竹田
56%
JR西日本 播但線 寺前
56%
JR西日本 播但線 福崎
56%
JR西日本 姫新線 播磨高岡
56%
JR西日本 姫新線 余部
56%
JR西日本 姫新線 本竜野
56%
JR西日本 姫新線 播磨新宮
56%
JR西日本 赤穂線 西相生
56%
JR西日本 山陰本線 養父
56%
JR西日本 山陰本線 江原
56%
JR西日本 山陰本線 玄武洞
56%
JR西日本 山陰本線 香住
56%
JR西日本 山陰本線
56%
JR西日本 山陰本線 餘部
56%
阪急 神戸本線 武庫之荘
56%
阪急 今津線 | 阪急 神戸本線 西宮北口
56%
阪急 神戸本線 | 阪急甲陽線 夙川
56%
阪急 神戸本線 岡本
56%
阪急 神戸本線 王子公園
56%
阪急 神戸本線 | 阪神 本線 春日野道
56%
神戸市営地下鉄 山手線 | 神戸新交通ポートアイランド線 | 阪急 神戸本線 | +2 others 三宮
56%
阪急 今津線 逆瀬川
56%
阪急 今津線 小林
56%
阪急 今津線 仁川
56%
阪急 今津線 門戸厄神
56%
阪急 伊丹線 稲野
56%
阪急 甲陽線 苦楽園口
56%
能勢電鉄妙見線 | 阪急宝塚本線 川西能勢口
56%
阪急 宝塚本線 清荒神
56%
阪急 神戸高速線 | 阪神 神戸高速線 高速神戸
56%
山陽電気鉄道本線 | 阪急 神戸高速線 | 阪神 神戸高速線 西代
56%
阪神 本線 魚崎
56%
阪神 本線 鳴尾
56%
阪神 本線 尼崎センタープール前
56%
阪神 本線 杭瀬
56%
阪神 武庫川線 武庫川団地前
56%
山陽電気鉄道 本線 | 神戸市営地下鉄 西神線 板宿
56%
山陽電気鉄道 本線 東須磨
56%
山陽電気鉄道 本線 電鉄須磨
56%
山陽電気鉄道 本線 須磨浦公園
56%
山陽電気鉄道 本線 東二見
56%
山陽電気鉄道 本線 電鉄姫路
56%
山陽電気鉄道 網干線 電鉄網干
56%
神戸市営地下鉄 山手線 | 神戸電鉄 有馬線 長田
56%
能勢電鉄 日生線 日生中央
56%
神戸電鉄 有馬線 | 神戸電鉄粟生線 鈴蘭台
56%
神戸電鉄 粟生線 小野
56%
北条鉄道 北条線 北条町
56%
JR西日本 福知山線 中山寺
44%
JR西日本 福知山線 広野
44%
JR西日本 福知山線 相野
44%
JR西日本 福知山線 藍本
44%
JR西日本 福知山線 柏原
44%
JR西日本 福知山線 黒井
44%
JR西日本 山陽本線 鷹取
44%
JR西日本 山陽本線 塩屋
44%
JR西日本 山陽本線 舞子
44%
JR西日本 山陽本線 曽根
44%
JR西日本 山陽本線 御着
44%
JR西日本 加古川線 | 三木鉄道三木線 厄神
44%
JR西日本 加古川線 新西脇
44%
JR西日本 鍛冶屋線 西脇
44%
JR西日本 鍛冶屋線 鍛冶屋
44%
JR西日本 播但線 京口
44%
JR西日本 姫新線 東觜崎
44%
JR西日本 姫新線 三日月
44%
JR西日本 姫新線 上月
44%
JR西日本 赤穂線 坂越
44%
JR西日本 赤穂線 備前福河
44%
JR西日本 山陰本線 八鹿
44%
JR西日本 山陰本線 国府
44%
JR西日本 山陰本線 竹野
44%
阪急神戸本線 園田
44%
阪急 神戸本線 芦屋川
44%
阪急 今津線 宝塚南口
44%
阪急 今津線 甲東園
44%
阪急 伊丹線 新伊丹
44%
阪急 宝塚本線 山本
44%
阪急 宝塚本線 中山
44%
阪急 宝塚本線 売布神社
44%
阪急 神戸高速線 花隈
44%
神戸電鉄神戸高速線 | 阪急 神戸高速線 | 阪神 神戸高速線 新開地
44%
阪急 神戸高速線 | 阪神 神戸高速線 大開
44%
阪急 神戸高速線 | 阪神 神戸高速線 高速長田
44%
阪神 本線 岩屋
44%
阪神 本線 大石
44%
阪神 本線 青木
44%
阪神 本線 深江
44%
阪神 本線 打出
44%
阪神 本線 久寿川
44%
阪神 本線 出屋敷
44%
阪神 武庫川線 東鳴尾
44%
阪神 神戸高速線 西元町
44%
山陽電気鉄道 本線 月見山
44%
山陽電気鉄道 本線 須磨寺
44%
山陽電気鉄道 本線 電鉄塩屋
44%
山陽電気鉄道 本線 電鉄垂水
44%
山陽電気鉄道 本線 舞子公園
44%
山陽電気鉄道 本線 西舞子
44%
山陽電気鉄道 本線 電鉄明石
44%
山陽電気鉄道 本線 電鉄高砂
44%
山陽電気鉄道 本線 荒井
44%
山陽電気鉄道 本線 大塩
44%
山陽電気鉄道 本線 的形
44%
山陽電気鉄道 本線 | 山陽電気鉄道網干線 電鉄飾磨
44%
山陽電気鉄道 本線 手柄
44%
神戸市営地下鉄西神延伸線 西神中央
44%
神戸市営地下鉄 西神延伸線 学園都市
44%
神戸市営地下鉄 西神延伸線 総合運動公園
44%
神戸市営地下鉄 西神延伸線 | 神戸市営地下鉄西神線 名谷
44%
能勢電鉄 妙見線 平野
44%
能勢電鉄 妙見線 畦野
44%
能勢電鉄 妙見線 | 能勢電鉄日生線 山下
44%
神戸電鉄 有馬線 鵯越
44%
神戸電鉄 有馬線 北鈴蘭台
44%
神戸電鉄 有馬線 山の街
44%
神戸電鉄 有馬線 谷上
44%
神戸電鉄 有馬線 神鉄六甲
44%
神戸電鉄 有馬線 | 神戸電鉄三田線 有馬口
44%
神戸電鉄 三田線 五社
44%
神戸電鉄 三田線 岡場
44%
神戸電鉄 三田線 横山
44%
神戸電鉄 粟生線 鈴蘭台西口
44%
神戸電鉄 粟生線 西鈴蘭台
44%
神戸電鉄 粟生線 藍那
44%
神戸電鉄 粟生線 広野ゴルフ場前
44%
三木鉄道 三木線 | 神戸電鉄 粟生線 三木
44%
神戸新交通 ポートアイランド線 貿易センター
44%
神戸新交通 ポートアイランド線 中公園
44%
神戸新交通 ポートアイランド線 南公園
44%
神戸新交通 ポートアイランド線 北埠頭
44%
六甲摩耶鉄道 摩耶ケーブル線 摩耶
44%
JR西日本 福知山線 北伊丹
33%
JR西日本 福知山線 生瀬
33%
JR西日本 福知山線 武田尾
33%
JR西日本 福知山線 道場
33%
JR西日本 福知山線 草野
33%
JR西日本 福知山線 古市
33%
JR西日本 福知山線 南矢代
33%
JR西日本 福知山線 下滝
33%
JR西日本 福知山線 石生
33%
JR西日本 福知山線 市島
33%
JR西日本 山陽本線 朝霧
33%
JR西日本 山陽本線 魚住
33%
JR西日本 山陽本線 土山
33%
JR西日本 加古川線 日岡
33%
JR西日本 加古川線 神野
33%
JR西日本 加古川線
33%
JR西日本 加古川線 比延
33%
JR西日本 加古川線 黒田庄
33%
JR西日本 加古川線 本黒田
33%
JR西日本 加古川線 久下村
33%
JR西日本 播但線 青倉
33%
JR西日本 播但線 生野
33%
JR西日本 播但線 長谷
33%
JR西日本 播但線 新野
33%
JR西日本 播但線 鶴居
33%
JR西日本 播但線 溝口
33%
JR西日本 播但線 香呂
33%
JR西日本 播但線 仁豊野
33%
JR西日本 播但線 野里
33%
JR西日本 姫新線 太市
33%
JR西日本 姫新線 千本
33%
JR西日本 姫新線 播磨徳久
33%
JR西日本山陰本線 梁瀬
33%
JR西日本 山陰本線 佐津
33%
JR西日本 山陰本線 久谷
33%
阪神 本線 西灘
33%
阪神 本線 新在家
33%
阪神 本線 石屋川
33%
阪神 本線 香枦園
33%
阪神 武庫川線 洲先
33%
山陽電気鉄道 本線 滝の茶屋
33%
山陽電気鉄道 本線 東垂水
33%
山陽電気鉄道 本線 霞ヶ丘
33%
山陽電気鉄道 本線 大蔵谷
33%
山陽電気鉄道 本線 人丸前
33%
山陽電気鉄道 本線 西新町
33%
山陽電気鉄道 本線 電鉄曽根
33%
山陽電気鉄道 本線 八家
33%
山陽電気鉄道 本線 白浜の宮
33%
山陽電気鉄道 本線 妻鹿
33%
山陽電気鉄道 本線 電鉄亀山
33%
山陽電気鉄道 網干線 西飾磨
33%
山陽電気鉄道 網干線 夢前川
33%
山陽電気鉄道 網干線 電鉄天満
33%
神戸市営地下鉄 西神延伸線 伊川谷
33%
神戸市営地下鉄 西神線 妙法寺
33%
神戸市営地下鉄 山手線 上沢
33%
神戸市営地下鉄 山手線 湊川公園
33%
神戸市営地下鉄 山手線 大倉山
33%
能勢電鉄 妙見線 絹延橋
33%
能勢電鉄 妙見線 滝山
33%
能勢電鉄 妙見線 鶯の森
33%
能勢電鉄 妙見線 一の鳥居
33%
能勢電鉄 妙見線 笹部
33%
神戸電鉄 有馬線 丸山
33%
神戸電鉄 有馬線 菊水山
33%
神戸電鉄 有馬線 花山
33%
神戸電鉄 有馬線 大池
33%
神戸電鉄 有馬線 唐櫃台
33%
神戸電鉄 三田線 田尾寺
33%
神戸電鉄 三田線 二郎
33%
神戸電鉄 三田線 神鉄道場
33%
神戸電鉄 三田線 三田本町
33%
神戸電鉄 粟生線 木津
33%
神戸電鉄 粟生線 木幡
33%
神戸電鉄 粟生線
33%
神戸電鉄 粟生線 押部谷
33%
神戸電鉄 粟生線 緑が丘
33%
神戸電鉄 粟生線 志染
33%
神戸電鉄 粟生線 三木上の丸
33%
神戸電鉄 粟生線 葉多
33%
神戸新交通 ポートアイランド線 市民広場
33%
神戸新交通 ポートアイランド線 中埠頭
33%
三木鉄道 三木線 別所
33%
北条鉄道 北条線 播磨横田
33%
神戸新交通 ポートアイランド線 ポートターミナル
33%
JR西日本 加古川線 | 神戸電鉄 粟生線 市場
22%
JR西日本 加古川線 小野町
22%
JR西日本 加古川線 河合西
22%
JR西日本 加古川線 青野ヶ原
22%
JR西日本 加古川線 社町
22%
JR西日本 加古川線 滝野
22%
JR西日本 加古川線 船町口
22%
JR西日本 播但線 新井
22%
JR西日本 播但線 甘地
22%
JR西日本 播但線 砥堀
22%
JR西日本 姫新線 西栗栖
22%
JR西日本 山陰本線 柴山
22%
JR西日本 山陰本線 諸寄
22%
JR西日本 山陰本線 居組
22%
JR西日本宮津線 但馬三江
22%
阪神 本線 西宮東口
22%
山陽電気鉄道 本線 電鉄林崎
22%
山陽電気鉄道 本線 藤江
22%
山陽電気鉄道 本線 中八木
22%
山陽電気鉄道 本線 江井ヶ島
22%
山陽電気鉄道 本線 西江井ヶ島
22%
山陽電気鉄道 本線 電鉄魚住
22%
山陽電気鉄道 本線 電鉄別府
22%
山陽電気鉄道 本線 浜の宮
22%
山陽電気鉄道 本線 尾上の松
22%
山陽電気鉄道 本線 伊保
22%
山陽電気鉄道 網干線 広畑
22%
能勢電鉄 妙見線 多田
22%
能勢電鉄鋼索線 黒川
22%
神戸電鉄 有馬線 箕谷
22%
神戸電鉄 粟生線 恵比須
22%
神戸電鉄 粟生線 大村
22%
神戸電鉄 粟生線 樫山
22%
三木鉄道 三木線 国包
22%
三木鉄道 三木線 石野
22%
三木鉄道 三木線 西這田
22%
北条鉄道 北条線 網引
22%
北条鉄道 北条線 田原
22%
北条鉄道 北条線 法華口
22%
北条鉄道 北条線 播磨下里
22%
JR西日本 加古川線 | JR西日本鍛冶屋線 野村
11%
JR西日本 鍛冶屋線 市原
11%
JR西日本 鍛冶屋線 羽安
11%
JR西日本 鍛冶屋線 曽我井
11%
JR西日本 鍛冶屋線 中村町
11%
JR西日本 赤穂線 天和
11%
山陽電気鉄道 本線 本荘
11%
山陽電気鉄道 網干線 平松
11%
神戸市営地下鉄 山手線 山手
11%
三木鉄道 三木線 宗佐
11%
三木鉄道 三木線 下石野
11%
三木鉄道 三木線 高木
11%
六甲摩耶鉄道 六甲ケーブル線 六甲山上
11%
能勢電鉄 鋼索線 ケーブル山上
0%
神戸電鉄 三田線 道場川原
0%
神戸新交通 ポートアイランド線 市民病院前
0%
六甲摩耶鉄道六甲ケーブル線 六甲ケーブル下
0%
六甲摩耶鉄道 摩耶ケーブル線 摩耶ケーブル下
0%
能勢電鉄 妙見線 皷滝
0%
No matching quizzes found
Score Distribution
Percent of People with Each Score
Percentile by Number Answered
Your Score History
You have not taken this quiz